000 00594nam a22001817a 4500
999 _c172837
_d172837
005 20200213143615.0
010 _aENG-127732
020 _c110.00
_a9789388927420
035 _aEN-111264
037 _bDBAD/PUB
082 _a883.08
100 _aMakwana Pradeep
245 _aA study of the quest for self in Paulo Coelho's Novels:
_cby Makwana Pradeep
_bthe pilgrimage, the alchemist and aleph/
260 _aAhmedabad
_c2019
_bVedant Publication
270 _aRajkot, Ahmedabad, Surat
_e360001
_bAhmedabad
300 _a154p.
_b21cm(pbk)
942 _2ddc
_cEN
_h883.08
_mMAK